Sाार दिवस सुनेSो (Record no. 324523)

MARC details
000 -LEADER
fixed length control field 00571nam a2200169Ia 4500
008 - FIXED-LENGTH DATA ELEMENTS--GENERAL INFORMATION
fixed length control field 090711s9999 xx 000 0 und d
082 ## - DEWEY DECIMAL CLASSIFICATION NUMBER
Item number 1029
100 ## - MAIN ENTRY--PERSONAL NAME
Personal name जोशी िSां. वि.
245 ## - TITLE STATEMENT
Title Sाार दिवस सुनेSो
260 ## - PUBLICATION, DISTRIBUTION, ETC. (IMPRINT)
Name of publisher, distributor, etc कॉन्टीनेन्टल प्रकाशन
Date of publication, distribution, etc 1995
300 ## - PHYSICAL DESCRIPTION
Extent 167
600 ## - SUBJECT ADDED ENTRY--PERSONAL NAME
Personal name जोशी िSां. वि.
630 ## - SUBJECT ADDED ENTRY--UNIFORM TITLE
Uniform title Sाार दिवस सुनेSो
700 ## - ADDED ENTRY--PERSONAL NAME
Personal name जोशी िSां. वि.
730 ## - ADDED ENTRY--UNIFORM TITLE
Uniform title Sाार दिवस सुनेSो
942 ## - ADDED ENTRY ELEMENTS (KOHA)
Koha item type Book

No items available.